Materiał wykorzystywany do budowy domu - Statystyki

Ogólne statystyki
  • Ten quiz został rozwiązany 12 razy
  • Średni wynik to 4 z 6
Statystyki odpowiedzi
Hint Odpowiedź % Poprawnych
3. Beton
90%
2. Cegła
90%
1. Drewno
80%
4. Pustak
70%
5. Stal
40%
6. Płyta OSB
0%
Nie znaleziono quizów pasujących do podanych kryteriów
Rozkład punktacji
Procent ludzi z każdym wynikiem
Percentyl według liczby udzielonych odpowiedzi
Twoja historia wyników
Nie rozwiązałeś tego quizu